Vật lí đại cương : Các nguyên lý ứng dụng

Trong bộ sách này, trình bày những vấn đề cơ bản và quan trọng của vật lý đại cương, cũng như một số thành tựu đặc sắc của vật lý hiện đại. Ngoài ra, nội dung sách cũng rất chú trọng đến các ứng dụng của vật lý học trong khoa học và co...

Descripció completa

Guardat en:
Dades bibliogràfiques
Autor principal: Trần, Ngọc Hợi
Format: Llibre
Idioma:Undetermined
Publicat: Hà Nội Giáo Dục 2006
Matèries:
Etiquetes: Afegir etiqueta
Sense etiquetes, Sigues el primer a etiquetar aquest registre!
Thư viện lưu trữ: Trung tâm Học liệu Trường Đại học Cần Thơ
LEADER 01266nam a2200217Ia 4500
001 CTU_110620
008 210402s9999 xx 000 0 und d
020 |c 115700 
082 |a 530 
082 |b H462/T.2 
100 |a Trần, Ngọc Hợi 
245 0 |a Vật lí đại cương : 
245 0 |b Các nguyên lý ứng dụng 
245 0 |c Trần Ngọc Hợi (chủ biên) , Phạm Văn Thiều 
260 |a Hà Nội 
260 |b Giáo Dục 
260 |c 2006 
520 |a Trong bộ sách này, trình bày những vấn đề cơ bản và quan trọng của vật lý đại cương, cũng như một số thành tựu đặc sắc của vật lý hiện đại. Ngoài ra, nội dung sách cũng rất chú trọng đến các ứng dụng của vật lý học trong khoa học và công nghệ, giải thích một số hiện tượng vật lý xảy ra trong thực tiễn cuộc sống. Nội dung tập hai của quyển sách này đề cập đến điện, từ, dao động và sóng. 
650 |a Nuclear physics,Optics,Physics 
904 |i Hiếu 
980 |a Trung tâm Học liệu Trường Đại học Cần Thơ